Структура и механические свойства ламинированных металлокерамических композитов Nb/Ti3Al(Si)C2-TiC; Перспективные материалы конструкционного и функционального назначения

מידע ביבליוגרפי
Parent link:Перспективные материалы конструкционного и функционального назначения.— 2022.— [С. 121-123]
מחבר ראשי: Мингазова Ю. Р. Юлия Рафаиловна
מחבר תאגידי: Национальный исследовательский Томский политехнический университет Инженерная школа ядерных технологий Отделение экспериментальной физики
מחברים אחרים: Абдульменова А. В. Анастасия Владимировна, Кашкаров Е. Б. Егор Борисович
סיכום:Заглавие с экрана
שפה:רוסית
יצא לאור: 2022
סדרה:Функциональные материалы
נושאים:
גישה מקוונת:http://earchive.tpu.ru/handle/11683/74145
פורמט: אלקטרוני Book Chapter
KOHA link:https://koha.lib.tpu.ru/cgi-bin/koha/opac-detail.pl?biblionumber=635186

MARC

LEADER 00000naa2a2200000 4500
001 635186
005 20241014090625.0
035 |a (RuTPU)RU\TPU\conf\37032 
035 |a RU\TPU\conf\37031 
090 |a 635186 
100 |a 20221129d2022 k y0rusy50 ca 
101 0 |a rus 
102 |a RU 
105 |a y z 101zy 
135 |a drcn ---uucaa 
181 0 |a i  
182 0 |a b 
200 1 |a Структура и механические свойства ламинированных металлокерамических композитов Nb/Ti3Al(Si)C2-TiC   |f Ю. Р. Мингазова, А. В. Абдульменова, Е. Б. Кашкаров 
203 |a Текст  |c электронный 
225 1 |a Функциональные материалы 
300 |a Заглавие с экрана 
320 |a [Библиогр.: с. 123 (5 назв.)] 
463 0 |0 (RuTPU)RU\TPU\conf\36996  |t Перспективные материалы конструкционного и функционального назначения  |o сборник научных трудов Международной научно-технической молодежной конференции, Томск, 17–21 октября 2022 г.  |f Национальный исследовательский Томский политехнический университет ; ред. кол. С. П. Буякова, Б. С. Зенин, И. Э. Васильева, Е. А. Даренская  |v [С. 121-123]  |d 2022 
610 1 |a электронный ресурс 
610 1 |a труды учёных ТПУ 
610 1 |a структуры 
610 1 |a механические свойства 
610 1 |a ламинированные композиты 
610 1 |a металлокерамические композиты 
610 1 |a MAX-фазы 
610 1 |a искровое плазменное спекание 
700 1 |a Мингазова  |b Ю. Р.  |c специалист в области ядерных технологий  |c инженер Томского политехнического университета  |f 1998-  |g Юлия Рафаиловна  |3 (RuTPU)RU\TPU\pers\47087 
701 1 |a Абдульменова  |b А. В.   |c физик  |c инженер Томского политехнического университета  |f 2001-  |g Анастасия Владимировна  |y Томск  |9 88515 
701 1 |a Кашкаров  |b Е. Б.  |c физик  |c доцент, научный сотрудник Томского политехнического университета, кандидат физико-математических наук  |f 1991-  |g Егор Борисович  |3 (RuTPU)RU\TPU\pers\30728  |9 14999 
712 0 2 |a Национальный исследовательский Томский политехнический университет  |b Инженерная школа ядерных технологий  |b Отделение экспериментальной физики  |3 (RuTPU)RU\TPU\col\23549 
801 2 |a RU  |b 63413507  |c 20221213  |g RCR 
856 4 |u http://earchive.tpu.ru/handle/11683/74145 
942 |c BK